000 00340nam a2200145Ia 4500
008 230917s9999||||xx |||||||||||||| ||und||
040 _e45808
_aMAIN
041 _aEnglish
082 _a821.6 W891B:W
100 _aBeer, John
245 0 _aWordsworth in time
260 _aLondon
_bFaber and Faber
_c1979
300 _a232 p.
942 _cBK
999 _c35525
_d35525